000 00732nam a2200205Ia 4500
005 20260121110119.0
008 008 260114s9999 xx 000 0 hin d
020 _a9788132364764
037 _aEBOOK
040 _aCRL
_bhin
_cCRL
041 _ahin
_2hin
084 _qCRL
100 _aअजय राज सिंह / Ajay Raj Singh
_9942203
245 0 _aआधुनिक भारत का सम्पूर्ण इतिहास: एक परिचय / Aadhunik Bharat ka Sampurn Itihas: Ek Parichay
260 _bभाषा प्रकाशन / Bhasha Prakashan
_c2021
856 _uhttps://bhashaprakashan.com/product-details/379127
942 _cEBOOK
999 _c1533868
_d1533868